| 000 | 00845nam a2200253 i 4500 | ||
|---|---|---|---|
| 001 | bg | ||
| 100 | 1 | _aJANUS, Paweł | |
| 245 | 1 | 0 |
_aWybrane zagadnienia z maszynoznawstwa przemysłu spożywczego / _cPaweł Janus, Ryszard Rywotycki. |
| 260 |
_aPoznań : _bWydaw. Akademii Rolniczej im. Augusta Cieszkowskiego, _c2001. |
||
| 300 |
_a136 s. : _bil. ; _c24 cm. |
||
| 504 | _aBibliogr. | ||
| 650 | 9 |
_aPrzemysł rolno-spożywczy _xnarzędzia i maszyny |
|
| 655 | _aPodręczniki akademickie | ||
| 700 | 1 | _aRYWOTYCKI, Ryszard | |
| 015 | _aPB 14749/2001 | ||
| 020 | _a8371602243 | ||
| 040 | _cBPK | ||
| 041 | 0 | _apol | |
| 080 | _a621:664](075.8) | ||
| 920 | _a83-7160-224-3 | ||
| 942 | _cKS | ||
| 008 | s pl f |000 0 pol | ||
| 999 |
_c46051 _d46051 |
||
| 856 |
_uhttp://koha.tu.koszalin.pl/cgi-bin/koha/opac-detail.pl?biblionumber=46051 _yKatalog online BPK |
||